<?xml version="1.0" encoding="UTF-8"?>
<record
    xmlns:xsi="http://www.w3.org/2001/XMLSchema-instance"
    xsi:schemaLocation="http://www.loc.gov/MARC21/slim http://www.loc.gov/standards/marcxml/schema/MARC21slim.xsd"
    xmlns="http://www.loc.gov/MARC21/slim">

  <leader>004910000a22001330004500</leader>
  <datafield tag="090" ind1=" " ind2=" ">
    <subfield code="a">AS</subfield>
    <subfield code="b">Seriadas</subfield>
  </datafield>
  <datafield tag="245" ind1="1" ind2="0">
    <subfield code="a">Mating behaviors of woolly monkeys, Lagotricha, at La Macarena, Colombia (III)</subfield>
    <subfield code="s">reproductive parameters viewd from a longterm study</subfield>
  </datafield>
  <datafield tag="041" ind1="0" ind2=" ">
    <subfield code="a">Ingl&#xE9;s</subfield>
  </datafield>
  <datafield tag="700" ind1="1" ind2=" ">
    <subfield code="a">Wilches, Aida V.</subfield>
    <subfield code="9">100244</subfield>
  </datafield>
  <datafield tag="700" ind1="1" ind2=" ">
    <subfield code="a">Estrada, Catalina</subfield>
    <subfield code="9">100239</subfield>
  </datafield>
  <datafield tag="100" ind1="1" ind2=" ">
    <subfield code="a">Nishimura, Akisato</subfield>
    <subfield code="9">96918</subfield>
  </datafield>
  <datafield tag="942" ind1=" " ind2=" ">
    <subfield code="c">ARTICULO</subfield>
  </datafield>
  <datafield tag="773" ind1="1" ind2=" ">
    <subfield code="t">Field Studies of Fauna and Flora La Macarena, Colombia</subfield>
    <subfield code="q">1-7</subfield>
    <subfield code="d">1992</subfield>
    <subfield code="g">7</subfield>
  </datafield>
  <datafield tag="999" ind1=" " ind2=" ">
    <subfield code="c">16002</subfield>
    <subfield code="d">16002</subfield>
  </datafield>
</record>
